000 00813nmc a2200289 a 4500
003 AR-BaBNM
005 20251128203333.0
008 087019s1972 ||||||||||||||000 | spa||
020 _a950-13-6708-8
040 _cAR-BaBNM
100 1 _aEchegaray de Juárez, Elena M.
245 1 0 _aEstudio dirigido
_bmétodos y técnicas de investigación
_n2
250 _a1ª ed.
260 _aBuenos Aires
_bKapelusz
_c1972
300 0 _a47 p.
_bgráfs.
490 0 _aCuaderno pedagógico
_vv. 19
504 _aBibliografía p. 46-47
650 4 _aMETODOS DE ESTUDIO
650 4 _aINVESTIGACION CIENTIFICA
650 4 _aGUIAS DE ESTUDIOS
650 4 _aCRITERIOS DE INVESTIGACION
650 4 _aENTREVISTAS
650 4 _aROL DEL DOCENTE
650 4 _aMETODOS DE INVESTIGACION
942 _cBK
998 _cCarmen
999 _c2959
_d2959